| 000 | 00685nam a2200229 a 4500 | ||
|---|---|---|---|
| 005 | 20210219152909.0 | ||
| 008 | 991125n 000 0 spa u | ||
| 035 | _aUPN01000066151 | ||
| 100 | _aBARRIO, Zipriano | ||
| 222 |
_aEDUCACION Y BIBLIOTECA : _bREVISTA MENSUAL DE DOCUMENTACION Y RECURSOS DIDACTICOS |
||
| 245 | _aBibliotecas públicas y escolares, una relación inaplazable : ¿para qué? | ||
| 300 | _a12-14 | ||
| 362 | _a1994 No. 46, abr. | ||
| 653 | 0 | _aAUXILIARES AUDIOVISUALES | |
| 653 | 0 | _aBIBLIOTECAS ESCOLARES | |
| 653 | 0 | _aBIBLIOTECAS PUBLICAS | |
| 653 | 0 | _aESPAÑA | |
| 653 | 0 | _aLECTURA | |
| 653 | 0 | _aLIBROS | |
| 904 |
_aAC _b003962 |
||
| 905 | _aArticulo | ||
| 999 |
_c63331 _d63331 |
||